České podsvětí Josefa Klímy /
Uloženo v:
| Hlavní autor: | |
|---|---|
| Další autoři: | , |
| Médium: | E-audiokniha |
| Jazyk: | Czech |
| Vydáno: |
V Brně [ i.e. v Praze] :
Voxi,
2025
|
| Témata: | |
| Tagy: |
Žádné tagy |
| LEADER | 03688nim a2200889 i 4500 | ||
|---|---|---|---|
| 001 | 313416 | ||
| 003 | CZ PrSKC | ||
| 005 | 20260601215742.0 | ||
| 007 | sd fungnnmmned | ||
| 008 | 250602s2025 xr nnnng z n cze | ||
| 015 | |a cnb003687697 | ||
| 020 | |a 9788074483790 : |c Kč 399,00 | ||
| 040 | |a ABA001 |b cze |e rda | ||
| 043 | |a e-xr--- | ||
| 045 | |a x8y2 | ||
| 072 | 7 | |a 343.9 |x Kriminalistika |2 Konspekt | |
| 080 | |a 343.3/.7 |2 MRF | ||
| 080 | |a 343.9.02 |2 MRF | ||
| 080 | |a 343.22 |2 MRF | ||
| 080 | |a (437.3) |2 MRF | ||
| 080 | |a (086.7)08 |2 MRF | ||
| 080 | |a (086.76) |2 MRF | ||
| 100 | 1 | |a Klíma, Josef, |d 1951- |7 jk01060529 |4 aut | |
| 245 | 1 | 0 | |a České podsvětí Josefa Klímy / |c Josef Klíma |
| 264 | 1 | |a V Brně [ i.e. v Praze] : |b Voxi, |c 2025 | |
| 300 | |a 1 audiodisk (6 hod., 25 min.) ; |c 12 cm | ||
| 306 | |a 062500 | ||
| 336 | |a mluvené slovo |b spw |2 rdacontent | ||
| 337 | |a audio |b s |2 rdamedia | ||
| 338 | |a audiodisk |b sd |2 rdacarrier | ||
| 344 | |a digital |b optical |2 rda | ||
| 347 | |a audio soubor |b MP3 |2 rda | ||
| 500 | |a Název z disku | ||
| 500 | |a Vydalo nakladatelství Voxi ve společnosti Albatros Media a.s. | ||
| 500 | |a Podle stejnojmenné knihy vydané nakladatelstvím CPress v roce 2023 | ||
| 508 | |a Režie, Ondřej Černý | ||
| 511 | 0 | |a Čte Martin Sláma | |
| 518 | |o Nahráno |d 2025 |p studio Media Space | ||
| 648 | 7 | |a od 1989 |7 ch462156 |2 czenas | |
| 650 | 0 | 7 | |a kriminální případy |7 ph121958 |z Česko |y od 1989 |2 czenas |
| 650 | 0 | 7 | |a trestné činy |7 ph116480 |z Česko |y od 1989 |2 czenas |
| 650 | 0 | 7 | |a organizovaná kriminalita |7 ph115605 |z Česko |y od 1989 |2 czenas |
| 650 | 0 | 7 | |a pachatelé trestných činů |7 ph135530 |z Česko |y od 1989 |2 czenas |
| 650 | 0 | 9 | |a criminal cases |z Czechia |y 1989- |2 eczenas |
| 650 | 0 | 9 | |a crimes |z Czechia |y 1989- |2 eczenas |
| 650 | 0 | 9 | |a organized crime |z Czechia |y 1989- |2 eczenas |
| 650 | 0 | 9 | |a perpetrators of criminal acts |z Czechia |y 1989- |2 eczenas |
| 655 | 7 | |a audioknihy |7 fd119452 |2 czenas | |
| 655 | 7 | |a kompaktní disky |7 fd201991 |2 czenas | |
| 655 | 9 | |a audiobooks |2 eczenas | |
| 655 | 9 | |a compact discs |2 eczenas | |
| 700 | 1 | |a Sláma, Martin, |d 1970- |7 xx0153235 |4 nrt | |
| 700 | 1 | |a Černý, Ondřej, |d 1983- |7 xx0158829 |4 drt | |
| 900 | |a ABA001 |b 19 | ||
| 928 | 9 | |a Albatros Media | |
| 044 | |a xr | ||
| 505 | 0 | 0 | |t ÚVODEM (21 min., 15 sek.) |
| 505 | 0 | 0 | |t JONÁK ZLATOÚSTÝ (33 min., 44 sek.) |
| 505 | 0 | 0 | |t NOVÉ PODSVĚTÍ (25 min., 54 sek.) |
| 505 | 0 | 0 | |t PALERMO POD SVATOU HOROU, část 1. (20 min., 9 sek.) |
| 505 | 0 | 0 | |t PALERMO POD SVATOU HOROU, část 2. (14 min., 8 sek.) |
| 505 | 0 | 0 | |t DRSNÝ SEVER (21 min., 52 sek.) |
| 505 | 0 | 0 | |t ROUBAL – TECHNOLOG ZLA (24 min., 40 sek.) |
| 505 | 0 | 0 | |t VRAŽDY S.R.O., část 1. (16 min., 46 sek.) |
| 505 | 0 | 0 | |t VRAŽDY S.R.O., část 2. (14 min., 31 sek.) |
| 505 | 0 | 0 | |t POLICISTÉ, NEBO ZLOČINCI? (29 min., 38 sek.) |
| 505 | 0 | 0 | |t ZABIJÁCI SKUTEČNÍ A ZDÁNLIVÍ (19 min., 30 sek.) |
| 505 | 0 | 0 | |t PODSVĚTÍ NA LIHU (27 min., 13 sek.) |
| 505 | 0 | 0 | |t MRÁZKOVA TEČKA (32 min., 59 sek.) |
| 505 | 0 | 0 | |t KREJČÍŘ – KOMBINACE STARÉHO A NOVÉHO (22 min., 23 sek.) |
| 505 | 0 | 0 | |t PRŮVODCE PODSVĚTÍM (8 min., 21 sek.) |
| 505 | 0 | 0 | |t ZBRANĚ PRO VRAHY I PRO ÍRÁN (17 min., 42 sek.) |
| 505 | 0 | 0 | |t PODSVĚTÍ NA SÍTI (14 min., 42 sek.) |
| 505 | 0 | 0 | |t … MOŽNÁ PŘIJDE I KAJÍNEK (19 min., 20 sek.) |
| 910 | |a RBIT002 | ||
| 998 | |d 419875 |a https://core.palmknihy.cz/api/books/419875/cover?sujtav |b https://core.palmknihy.cz/api/books/419875/cover/400?sujtav |c https://core.palmknihy.cz/api/books/419875/cover/50?sujtav |e 2033-12-31 |i 9788074483790 |l 23100 |q 49 |r 1 |s https://www.palmknihy.cz/kniha/419875 |t audiobook |y 2025 |z 0 | ||
| 999 | |d 313414 | ||